asian capital flags - Statistics

General Stats
  • This quiz has been taken 41 times
  • The average score is 26 of 48
Answer Stats
Picture Answer % Correct
Kuala Lumpur
93%
Taipei
93%
Astana
87%
Baghdad
87%
Jerusalem
87%
Manila
87%
Ankara
80%
Damascus
80%
Dhaka
80%
New Delhi
80%
Seoul
80%
Singapore
80%
Sri Jayawardenepura Kotte
80%
Bishkek
73%
Islamabad
73%
Tokyo
73%
Hanoi
67%
Jakarta
67%
Malé
67%
Dushanbe
60%
Bangkok
53%
Kuwait City
53%
Phnom Penh
53%
Sana'a
53%
Tehran
53%
Amman
47%
Bandar Seri Begawan
47%
Riyadh
47%
Tbilisi
47%
Thimphu
47%
Beijing
40%
Dili
40%
Kathmandu
40%
Manama
40%
Ulaanbaatar
40%
Kabul
33%
Vientiane
33%
Abu Dhabi
27%
Beirut
27%
Doha
27%
Pyongyang
27%
Tashkent
27%
Baku
20%
Naypyidaw
20%
Yerevan
20%
Ashgabat
13%
Muscat
13%
Nicosia
13%
No matching quizzes found
Score Distribution
Percent of People with Each Score
Percentile by Number Answered
Your Score History
You have not taken this quiz